| 000 | 00415nab a2200145Ia 4500 | ||
|---|---|---|---|
| 003 | ES-SlBCS | ||
| 005 | 20210601131723.0 | ||
| 008 | 140529s1947 xxu||||| |||| 00| 0 fre d | ||
| 041 | _afre | ||
| 100 | 1 |
_aDetoeuf, Auguste _9188269 |
|
| 245 | 0 | 0 |
_aPeut-on éviter encore l'étatisme? _c Auguste Detoeuf |
| 650 | 0 | 4 |
_aEstado _991784 |
| 773 | 0 |
_tVie Intelectuelle (La) _gnº. 1, 1947, págs. 62-83 _wRev907 |
|
| 942 | _cAR | ||
| 999 |
_c567606 _d567606 |
||